00596nam a2200205Ia 4500001000700000003000500007008004100012010001100053040000900064082001500073100002200088245011600110260003500226300001100261440000500272500000500277503000500282650003600287650006700323Z_4607CHAP220113s1980 xx 000 0 und d a167682 cCHAP a378.242 K4 aKeithley, Erwin M aManual para la elaboración de tesis, monografías e informes /cpor Erwin M Keithley y Philip J. Schreiner aGlenview, Il. :bScott,c1980 a107 p. a a a aInvestigaciónxMetodología  atrabajos científicosxElaboración I. Schereiner, Philip J.